000 00793nam a22002537a 4500
003 UA-OsUOA
001 101528
007 ta
008 20130626b un ||||| |||| 00| 0 ukr d
100 _aЮсип-Якимович Ю. В.
090 _a811.163.1(075.8)
_bЮ89
942 _cBK
040 _aUA-OsUOA
_bukr
_cUA-OsUOA
_dUA-OsUOA
245 _aСтарослов'янська мова
_bнавч. посібник
_cШимко О. В.
300 _a279 с.
955 _a2
041 _aukr
080 _a811.163.1(075.8)
020 _a978-966-346-575-3
260 _aК.
_bЗнання
_c2009
246 3 1 _aмодульний курс
_n
650 7 _a8 Мовознавство. Художня література. Літературознавство
_2UDC
999 _c387672
_d387672